Expanding horizons : Writing cliffhangers (Record no. 68703)
[ view plain ]
| 000 -CABECERA | |
|---|---|
| campo de control de longitud fija | 00547nam a2200205 a 4500 |
| 005 - FECHA Y HORA DE LA ÚLTIMA TRANSACCIÓN | |
| campo de control | 20210219153117.0 |
| 008 - ELEMENTOS DE LONGITUD FIJA--INFORMACIÓN GENERAL | |
| campo de control de longitud fija | 991125n 000 0 u |
| 035 ## - NÚMERO DE CONTROL DEL SISTEMA | |
| Número de control de sistema | UPN01000078721 |
| 100 ## - ASIENTO PRINCIPAL--NOMBRE PERSONAL | |
| Nombre de persona | Phillips, Jerry |
| 222 ## - TÍTULO CLAVE | |
| Título clave | READING HORIZONS |
| 245 ## - MENCIÓN DE TÍTULO | |
| Título | Expanding horizons : Writing cliffhangers |
| 300 ## - DESCRIPCIÓN FÍSICA | |
| Extensión | 178-180 |
| 362 ## - FECHAS DE PUBLICACIÓN Y/O DESIGNACIÓN SECUENCIAL | |
| Fecha de publicación y/o designación secuencial | 33, No. 2, 1992 |
| 505 ## - NOTA DE CONTENIDO CON FORMATO PREESTABLECIDO | |
| Nota de contenido con formato | Mayo 1993 |
| 653 0# - TERMINO DE INDIZACION - NO CONTROLADO | |
| Término no controlado | EJERCICIOS DE ESCRITURA |
| 653 0# - TERMINO DE INDIZACION - NO CONTROLADO | |
| Término no controlado | INSTRUCCION PARA LA ESCRITURA |
| 653 0# - TERMINO DE INDIZACION - NO CONTROLADO | |
| Término no controlado | WRITING ASSIGNMENTS |
| 904 ## - ELEMENTOS DE DATOS D LOCAL, LDD (RLIN) | |
| a | AC |
| b | 016532 |
| 905 ## - TIPO DE MATERIAL | |
| Tipo de material | Articulo |
No items available.
